00795nam a2200205 450000100100000000500170001000800410002702000150006802000180008304000250010108200180012610000160014424500580016026000570021830000340027550501720030965000130048165000530049465000420054700000002520260209094147.0081127nuuuuuuuudr a 001 0 spa d a9701700783 a9789701700785 aDO-SdBNPbspacBNPHU a005.713bK37n1 aKent, Peter10aNetscape communicator 4 :bpaso a paso /cPeter Kent. aMéxico :bPrentice-Hall Hispanoamericana,c[199?]. axvii, 376 p. :bil. ;c23 cm.1 tI. Atrapado en web --tII. Funciones avanzadas de navigator --tIII. Internet: algo más que sólo web --tIV. Cree Páginas web con Netscape composer --tÍndice. 0aInternet 4aNetscape (servicio de información sobre redes) 4aNavegadores (programas de computador)